00740nam a22001815i 4500001000700000003000900007005001700016008004100033040003000074100005000104245009000154260010700244300002200351490002800373651002900401830002800430852010000458160533ES-MaACL20251126063250.0010601s1882 sp |||| | spa d aCCPB | B bspa cCCPB | B2 aNavarrete y Vela-Hidalgo, José, d1836-190110aNorte y sur b: recuerdos alegres de Vizcaya y de mi tierra / cpor José Navarrete. aMadrid : blibrerías de A. de San Martin, editor : El Libro de Oro,c[s.a.] (fimprenta de Fortanet) a238 p. ; c17 cm.1 aGalería humorística 4aVizcaya-xDescripción.0 aGalería humorística aES-MaACLjT-640-F-2 z-- Enc. hol. q-- Falto de la cub. original z-- Enc. en un vol. facticio